Ζητήματα ευρωπαϊκής διακυβέρνησης και προστασίας των δικαιωμάτων του ανθρώπου : μέσα από το "συνταγματικό κείμενο" και τις ευρωπαϊκές συμβάσεις
Αποθηκεύτηκε σε:
| Κύριος συγγραφέας: | |
|---|---|
| Μορφή: | Βιβλίο |
| Γλώσσα: | Greek |
| Δημοσίευση: |
Αθήνα - Κομοτηνή :
Σάκκουλας, Α.,
2004.
|
| Θέματα: | |
| Ετικέτες: |
Προσθήκη ετικέτας
Δεν υπάρχουν, Καταχωρήστε ετικέτα πρώτοι!
|
MARC
| LEADER | 00000cam a2200000 i 4500 | ||
|---|---|---|---|
| 001 | 1/24896 | ||
| 008 | 060222s2004 gr | ||| |||| ||gre|| | ||
| 020 | |a 9601512160 | ||
| 035 | |l 10082780 | ||
| 040 | |a GR-MyUA |b gre |e AACR2 | ||
| 041 | 0 | |a gre | |
| 082 | 0 | |a 323.5094 |2 (22) | |
| 100 | 1 | |a Βερνίκος, Νικόλας, |d 1938- | |
| 245 | 1 | 0 | |a Ζητήματα ευρωπαϊκής διακυβέρνησης και προστασίας των δικαιωμάτων του ανθρώπου : |b μέσα από το "συνταγματικό κείμενο" και τις ευρωπαϊκές συμβάσεις / |c Νικόλας Βερνίκος ...[κ. ά.] ; επιμέλεια Νικόλας Βερνίκος. |
| 260 | |a Αθήνα - Κομοτηνή : |b Σάκκουλας, Α., |c 2004. | ||
| 300 | |a xvii, 303 σ. ; |c 24 εκ. | ||
| 650 | 0 | 0 | |a Human rights. |
| 650 | 0 | 0 | |a Political rights |z European Union countries. |
| 650 | 0 | 0 | |a Political participation |z European Union countries. |
| 852 | |a INST |b CHIOS |e 20131126 |h 323.5094 ΒΕΡ |p 005200037063 |q 005200037063 |t BK |y 0 | ||
| 852 | |a INST |b LESVOS |e 20060222 |h 323.5094 ΒΕΡ |p 005100034583 |q 005100034583 |t BK |y 0 | ||
| 852 | |a INST |b LESVOS |e 20110323 |h 323.5094 ΒΕΡ |p 005100049332 |q 005100049332 |t BK |y 0 | ||
| 852 | |a INST |b LESVOS |e 20110323 |h 323.5094 ΒΕΡ |p 005100049333 |q 005100049333 |t BK |y 0 | ||
| 852 | |a INST |b LESVOS |e 20110323 |h 323.5094 ΒΕΡ |p 005100049334 |q 005100049334 |t BK |y 0 | ||
| 852 | |a INST |b LESVOS |e 20110323 |h 323.5094 ΒΕΡ |p 005100049335 |q 005100049335 |t BK |y 0 | ||
| 852 | |a INST |b LESVOS |e 20110809 |h 323.5094 ΒΕΡ |p 005100049992 |q 005100049992 |t BK |y 0 | ||
| 852 | |a INST |b LESVOS |e 20120315 |h 323.5094 ΒΕΡ |p 005100050631 |q 005100050631 |t BK |y 0 | ||
| 852 | |a INST |b RHODES |e 20131127 |h 323.5094 ΒΕΡ |p 005400035841 |q 005400035841 |t BK |y 0 | ||
| 852 | |a INST |b SAMOS |e 20110902 |h 323.5094 ΒΕΡ |p 005300032559 |q 005300032559 |t BK |y 0 | ||
| 901 | |a BIBL3-2011-3 | ||
| 901 | |a BIBL1-2006-1 | ||
| 901 | |a BIBL1-2011-1 | ||
| 901 | |a BIBL1-2011-2 | ||
| 901 | |a BIBL2-2013-3 | ||
| 901 | |a BIBL4-2013-3 | ||
| 909 | |a Σ |b 168143 | ||
| 909 | |a Λ |b 125960 | ||
| 909 | |a Λ |b 167523 | ||
| 909 | |a Λ |b 167524 | ||
| 909 | |a Λ |b 167525 | ||
| 909 | |a Λ |b 167526 | ||
| 909 | |a Λ |b 170079 | ||
| 909 | |a Λ |b 168144 | ||
| 909 | |a Χ |b 179975 | ||
| 909 | |a Ρ |b 182350 | ||
| 970 | |a ΚΑΡΑ |b ΓΙΑΣΕΜΗ |z 2006/02/22 | ||